000 00214nam a22000977a 4500
100 _aMohammad S.E.A
245 _aRetarded Functional Differential Equations
260 _aLondon
_c1978
300 _a147
942 _cBK
999 _c13683
_d13683